000
002960000a22001450004500
003
MACL
040
_a
MACL
090
_c
7456
_d
7455
100
_a
Bhatta, Kumarila
245
_a
Slokavarttika
260
_b
The Asiatic Society
_c
1985
350
_a
125
650
_a
philosophy
942
_c
BOOK
_k
100
999
_c
7408
_d
7408